Statistiken für Weltkarte ohne 40 zufällige Länder

Klicken Sie hier um das Quiz zu spielen!

Allgemein

  • Dieses Quiz wurde 14.546 mal gespielt
  • Das Durchschnittsergebnis liegt bei 35 aus 40

Antworten auf der Karte

Die Antworten werden auf der Karte rot bzw. grün angezeigt, abhängig davon wie oft sie richtig erraten wurden.
 

Antwortstatistiken

Land% Korrekt
Russland
100%
Brasilien
99%
China
99%
Deutschland
99%
Kanada
99%
Vereinigte Staaten
99%
Belarus
98%
Frankreich
98%
Iran
98%
Mexiko
98%
Österreich
98%
Polen
98%
Südafrika
98%
Tschechien
98%
Algerien
97%
Indien
97%
Italien
97%
Kolumbien
97%
Schweden
97%
Schweiz
97%
Türkei
97%
Ukraine
97%
Ägypten
96%
Argentinien
96%
Australien
96%
Kasachstan
96%
Mongolei
96%
Peru
96%
Rumänien
96%
Spanien
96%
Bolivien
95%
Libyen
95%
Niger
95%
Panama
95%
Sudan
95%
Ungarn
95%
Dem Rep Kongo
94%
Finnland
94%
Paraguay
94%
Saudi-Arabien
94%
Serbien
94%
Slowakei
94%
Venezuela
94%
Vereinigtes Königreich
94%
Dänemark
93%
Kroatien
93%
Mali
93%
Norwegen
93%
Pakistan
93%
Tschad
93%
Bosnien und Herzegowina
92%
Griechenland
92%
Guyana
92%
Indonesien
92%
Marokko
92%
Nigeria
92%
Slowenien
92%
Thailand
92%
Angola
91%
Bulgarien
91%
Côte d'Ivoire
91%
Nepal
91%
Südsudan
91%
Usbekistan
91%
Belgien
90%
Japan
90%
Laos
90%
Lettland
90%
Afghanistan
89%
Äthiopien
89%
Botswana
89%
Chile
89%
Costa Rica
89%
Moldawien
89%
Namibia
89%
Nordkorea
89%
Portugal
89%
Uruguay
89%
Zentralafrikanische Republik
89%
Ecuador
88%
Irak
88%
Litauen
88%
Nicaragua
88%
Senegal
88%
Togo
88%
Turkmenistan
88%
Guatemala
87%
Jemen
87%
Kenia
87%
Mauretanien
87%
Myanmar
87%
Oman
87%
Südkorea
87%
Honduras
86%
Kirgisistan
86%
Tadschikistan
86%
Burkina Faso
85%
Ghana
85%
Kamerun
85%
Kosovo
85%
Madagaskar
85%
Niederlande
85%
Tansania
85%
Tunesien
85%
Estland
84%
Guinea
84%
Irland
84%
Island
84%
Neuseeland
84%
Nordmazedonien
84%
Papua-Neuguinea
84%
Suriname
84%
Armenien
83%
Kongo
83%
Kuba
83%
Benin
82%
Gabun
81%
Lesotho
81%
Mosambik
81%
Uganda
81%
Vietnam
81%
Albanien
80%
Haiti
80%
Jordanien
80%
Simbabwe
80%
Dominikanische Republik
79%
Sri Lanka
79%
Bangladesch
78%
Philippinen
78%
Sambia
78%
Eritrea
77%
Jamaika
77%
Sierra Leone
77%
Somalia
77%
Syrien
77%
Aserbaidschan
76%
Eswatini
76%
Georgien
76%
Malaysia
76%
Kambodscha
75%
Liberia
74%
Malediven
73%
Ruanda
73%
Taiwan
73%
El Salvador
72%
Israel
72%
Malawi
72%
Bahamas
71%
Kiribati
71%
Mauritius
71%
Mikronesien
71%
Cabo Verde
70%
Komoren
70%
Belize
69%
Burundi
69%
Guinea-Bissau
69%
Seychellen
69%
Vereinigte Arabische Emirate
68%
Malta
67%
São Tomé und Príncipe
66%
Äquatorial-Guinea
64%
Fidschi
64%
Tonga
63%
Kuwait
62%
Palau
62%
Vanuatu
62%
Salomonen
60%
Samoa
60%
Tuvalu
59%
Marshallinseln
58%
Nauru
54%

Verteilung der Resultate

Perzentil nach korrekt beantworteten Fragen

Anzahl Personen mit jedem Resultat

Ihre Resultats-Entwicklung

Sie haben dieses Quiz noch nicht gespielt